El Salvador. Periódicos del siglo XIX

Сохранить в:
Библиографические подробности
Соавтор: Instituto de Historia de Nicaragua y Centroamérica Universidad Centroamericana
Формат: eКнига
Язык:Spanish
Опубликовано: Managua, Nicaragua IHNCA 2002
Редактирование:2. edición
Предметы:
Метки: Добавить метку
Нет меток, Требуется 1-ая метка записи!

MARC

LEADER 00000nam a22000007a 4500
008 140526s2002 n a|||fq||d| 00| 0 spa d
020 |a 9992483431 
082 |a 079.728.4 P445p2 
110 1 |a Instituto de Historia de Nicaragua y Centroamérica  |b Universidad Centroamericana. 
245 1 0 |a El Salvador. Periódicos del siglo XIX   |c producido por Instituto de Historia de Nicaragua y Centroamérica. Universidad Centroamericana  |h [recurso electrónico] 
250 |a 2. edición 
260 |a Managua, Nicaragua  |b IHNCA  |c 2002 
300 |a 1 disc óptico de computador 
500 |a La Miscelánea, Correo Semanario, El Noticioso, La Unión, La América Central, La Regeneración, La República, La Libertad, El Católico, El Unionista, El Porvenir de Centroamérica -- Las fechas comprende de 1839-1896 
538 |a Requerimientos: computadora presonal, Windows 9x o, superior, Kit de multimedia, lectora CD-Rom 
650 1 7 |a PERIODISMO 
650 1 7 |a PERIODICOS  |x HISTORIA  |y SIGLO XIX  |z EL SALVADOR 
942 |2 ddc  |c CF 
999 |c 3274  |d 3274